[Event "FIDE World Cup Women 2023"]
[Site "Baku AZE"]
[Date "2023.08.10"]
[Round "4.2"]
[White "Salimova, Nurgyul"]
[Black "Aulia, Medina Warda"]
[Result "1/2-1/2"]
[WhiteTitle "IM"]
[BlackTitle "IM"]
[WhiteElo "2409"]
[BlackElo "2355"]
[WhiteFideId "2915138"]
[BlackFideId "7101570"]
[EventDate "2023.07.30"]
[EventType "k.o."]

1. d4 d5 2. c4 e6 3. Nc3 c5 4. e3 Nf6 5. Nf3 Nc6 6. a3 a6 7. dxc5 Bxc5 8. b4 Ba7
9. Bb2 O-O 10. Be2 d4 11. exd4 Nxd4 12. O-O e5 13. c5 Re8 14. Ng5 h6 15. Nge4
Nxe4 16. Nxe4 Bb8 17. Bc4 Be6 18. Qd3 Bc7 19. Rad1 Qh4 20. Bxe6 Rxe6 21. g3 Qh5
22. Bxd4 exd4 23. Nd2 Rd8 24. Rde1 Qd5 25. Rxe6 fxe6 26. Re1 e5 27. Qe4 Qxe4 28.
Rxe4 Kf7 29. Kf1 Ke6 30. Ke2 Kd5 31. Kd3 a5 32. Nc4 axb4 33. axb4 g5 34. f4 gxf4
35. gxf4 exf4 36. Re7 b5 37. cxb6 Bb8 38. b7 Rf8 39. Nd2 f3 40. Rd7+ Kc6 41.
Rxd4 f2 42. Nf1 Kxb7 43. Ke2 Rf6 44. Rd5 Ba7 45. b5 Kc7 46. Re5 Kd6 47. Rh5 Bb6
48. Ng3 Kc7 49. Kf1 Re6 50. Kg2 Be3 51. Kf1 Bd4 52. Kg2 Kb6 53. Rf5 Bc5 54. Nh1
Rg6+ 55. Kh3 f1=Q+ 56. Rxf1 Kxb5 57. Ng3 1/2-1/2

[Event "FIDE World Cup Women 2023"]
[Site "Baku AZE"]
[Date "2023.08.10"]
[Round "4.2"]
[White "Shuvalova, Polina"]
[Black "Injac, Teodora"]
[Result "1-0"]
[WhiteTitle "IM"]
[BlackTitle "IM"]
[WhiteElo "2496"]
[BlackElo "2415"]
[WhiteFideId "24171760"]
[BlackFideId "932400"]
[EventDate "2023.07.30"]
[EventType "k.o."]

1. d4 d5 2. c4 c6 3. Nf3 Nf6 4. Nc3 e6 5. g3 dxc4 6. Bg2 b5 7. Ne5 a6 8. O-O Bb7
9. b3 b4 10. Na4 c3 11. Nc4 a5 12. Bf4 Nd5 13. Be5 f6 14. e4 Nc7 15. Bf4 Nb5 16.
d5 Nd7 17. dxe6 Nc5 18. Qg4 g6 19. Rad1 Qe7 20. Nxc5 Qxc5 21. Be3 Qh5 22. Qf4
Be7 23. h4 g5 24. Qf5 Qg6 25. Rd7 Qxf5 26. exf5 1-0

[Event "FIDE World Cup Women 2023"]
[Site "Baku AZE"]
[Date "2023.08.10"]
[Round "4.2"]
[White "Tan, Zhongyi"]
[Black "Zhu, Jiner"]
[Result "1-0"]
[WhiteTitle "GM"]
[BlackTitle "WGM"]
[WhiteElo "2523"]
[BlackElo "2498"]
[WhiteFideId "8603642"]
[BlackFideId "8608059"]
[EventDate "2023.07.30"]
[EventType "k.o."]

1. c4 c6 2. Nf3 d5 3. e3 Nf6 4. d4 Bf5 5. Nc3 e6 6. Nh4 Be4 7. f3 Bg6 8. Nxg6
hxg6 9. Qb3 Qc7 10. Bd2 Be7 11. cxd5 cxd5 12. f4 Nc6 13. Be2 a6 14. Rc1 Nd7 15.
g3 g5 16. f5 Nf6 17. fxe6 fxe6 18. Bd3 Bd6 19. Ne2 Ke7 20. Bb1 Rh5 21. e4 dxe4
22. g4 Nxg4 23. Bxe4 Nf6 24. Qd3 g4 25. Bxc6 bxc6 26. Qg6 Rf8 27. Rf1 Rxh2 28.
Qxg7+ Rf7 29. Qg6 g3 30. Bg5 Bb4+ 31. Nc3 Rf2 32. Rxf2 gxf2+ 33. Ke2 Ke8 34. Rh1
Nh7 35. Qxe6+ Kf8 36. Bh6+ Kg8 37. Ne4 Qd7 38. Qg6+ Kh8 39. Be3 Rg7 40. Qf6 Qg4+
41. Kd3 Qg2 42. Qd8+ Rg8 43. Rxh7+ Kxh7 44. Qh4+ Kg6 45. Qf6+ Kh5 46. Qf5+ Rg5
47. Qf7+ Kh4 48. Bxg5+ Kg4 49. Nxf2+ 1-0

[Event "FIDE World Cup Women 2023"]
[Site "Baku AZE"]
[Date "2023.08.10"]
[Round "4.2"]
[White "Dronavalli, Harika"]
[Black "Roebers, Eline"]
[Result "1/2-1/2"]
[WhiteTitle "GM"]
[BlackTitle "IM"]
[WhiteElo "2500"]
[BlackElo "2419"]
[WhiteFideId "5015197"]
[BlackFideId "1058401"]
[EventDate "2023.07.30"]
[EventType "k.o."]

1. d4 Nf6 2. Bg5 d5 3. e3 c5 4. Bxf6 gxf6 5. dxc5 e6 6. Nf3 Bxc5 7. Be2 Nc6 8.
O-O a6 9. Nbd2 Ba7 10. Nb3 Rg8 11. c4 dxc4 12. Qxd8+ Kxd8 13. Bxc4 Bd7 14. Rac1
Rc8 15. Be2 Ke7 16. a3 Nb8 17. Nfd2 Rxc1 18. Rxc1 Rc8 19. Rxc8 Bxc8 20. Bf3 Bb6
21. Kf1 Bc7 22. h3 b6 23. Ke1 Bd7 24. Be2 Bc6 25. Bf3 Bd7 26. Be2 Bc6 27. Bf3
Bd7 1/2-1/2

[Event "FIDE World Cup Women 2023"]
[Site "Baku AZE"]
[Date "2023.08.10"]
[Round "4.2"]
[White "Muzychuk, Mariya"]
[Black "Muzychuk, Anna"]
[Result "1/2-1/2"]
[WhiteTitle "GM"]
[BlackTitle "GM"]
[WhiteElo "2511"]
[BlackElo "2504"]
[WhiteFideId "14114550"]
[BlackFideId "14111330"]
[EventDate "2023.07.30"]
[EventType "k.o."]

1. d4 Nf6 2. c4 g6 3. Nc3 d5 4. cxd5 Nxd5 5. e4 Nxc3 6. bxc3 Bg7 7. Nf3 c5 8. h3
O-O 9. Be3 cxd4 10. cxd4 Qa5+ 11. Bd2 Qa3 12. Rb1 Nc6 13. d5 Ne5 14. Nxe5 Bxe5
15. Bc4 b5 16. Bxb5 Ba6 17. O-O Qxa2 18. Bxa6 Qxa6 19. Bb4 Bd6 20. Qd4 Rfc8 21.
Bxd6 Qxd6 22. Rb5 e5 23. Qa4 Rc5 24. Ra1 Rxb5 25. Qxb5 Rb8 26. Qc4 Rb4 27. Qc6
Qxc6 28. dxc6 Rc4 29. Rxa7 Rxc6 30. Ra5 f6 31. Ra7 Rc1+ 1/2-1/2